<?xml version="1.0" encoding="UTF-8"?>
<record
    xmlns:xsi="http://www.w3.org/2001/XMLSchema-instance"
    xsi:schemaLocation="http://www.loc.gov/MARC21/slim http://www.loc.gov/standards/marcxml/schema/MARC21slim.xsd"
    xmlns="http://www.loc.gov/MARC21/slim">

  <leader>01394nam a2200277 a 4500</leader>
  <controlfield tag="008">111014s2009    ck a   gr     00010 spa d</controlfield>
  <datafield tag="020" ind1=" " ind2=" ">
    <subfield code="a">9789589349205</subfield>
  </datafield>
  <datafield tag="035" ind1=" " ind2=" ">
    <subfield code="a">CO-JMCR</subfield>
  </datafield>
  <datafield tag="040" ind1=" " ind2=" ">
    <subfield code="a">CO-JMCR</subfield>
    <subfield code="b">spa </subfield>
    <subfield code="c">CO-JMCR</subfield>
    <subfield code="d">CO-JMCR</subfield>
    <subfield code="e">rda</subfield>
  </datafield>
  <datafield tag="041" ind1="1" ind2=" ">
    <subfield code="a">spa</subfield>
    <subfield code="a">eng</subfield>
  </datafield>
  <datafield tag="082" ind1="0" ind2="4">
    <subfield code="a">759.986 </subfield>
    <subfield code="b">M98g</subfield>
  </datafield>
  <datafield tag="110" ind1="1" ind2=" ">
    <subfield code="a">Museo de Arte Moderno (Bogot&#xE1;, Colombia)</subfield>
    <subfield code="9">44076</subfield>
  </datafield>
  <datafield tag="245" ind1="1" ind2="3">
    <subfield code="a">La guerra que no hemos visto : un proyecto de memoria hist&#xF3;rica =</subfield>
    <subfield code="b">The war we have not seen : a historical memory project / </subfield>
    <subfield code="c">Museo de Arte Moderno de Bogot&#xE1; ; proyecto de Juan Manuel Echavarr&#xED;a ; introducci&#xF3;n Ana Tiscornia ; fot&#xF3;grafos Fernando Juan Carlos Rond&#xF3;n, Fernando Grisalez ; traducciones Leslie Carmichael ... [et al.].</subfield>
  </datafield>
  <datafield tag="260" ind1=" " ind2=" ">
    <subfield code="a">Bogot&#xE1; : </subfield>
    <subfield code="b">Museo de Arte Moderno de Bogot&#xE1;, </subfield>
    <subfield code="c">2009.</subfield>
  </datafield>
  <datafield tag="300" ind1=" " ind2=" ">
    <subfield code="a">282 p&#xE1;ginas : </subfield>
    <subfield code="b">ilustraciones ; </subfield>
    <subfield code="c">30 cm.</subfield>
  </datafield>
  <datafield tag="546" ind1=" " ind2=" ">
    <subfield code="a">Texto bilingue en espa&#xF1;ol e ingl&#xE9;s.</subfield>
  </datafield>
  <datafield tag="610" ind1="1" ind2="4">
    <subfield code="v">Exposiciones</subfield>
    <subfield code="v">Cat&#xE1;logos.</subfield>
    <subfield code="9">44077</subfield>
  </datafield>
  <datafield tag="650" ind1="1" ind2="4">
    <subfield code="v">Exposiciones</subfield>
    <subfield code="v">Cat&#xE1;logos.</subfield>
    <subfield code="9">44078</subfield>
  </datafield>
  <datafield tag="650" ind1="2" ind2="4">
    <subfield code="v">Exposiciones</subfield>
    <subfield code="v">Cat&#xE1;logos.</subfield>
    <subfield code="9">44079</subfield>
  </datafield>
  <datafield tag="700" ind1="1" ind2=" ">
    <subfield code="a">Echavarr&#xED;a, Juan Manuel.</subfield>
    <subfield code="9">44080</subfield>
  </datafield>
  <datafield tag="700" ind1="1" ind2=" ">
    <subfield code="a">Tiscornia, Ana.</subfield>
    <subfield code="9">44081</subfield>
  </datafield>
  <datafield tag="700" ind1="1" ind2=" ">
    <subfield code="a">Rond&#xF3;n, Juan Carlos,</subfield>
    <subfield code="9">44082</subfield>
  </datafield>
  <datafield tag="700" ind1="1" ind2=" ">
    <subfield code="a">Carmichael, Leslie,</subfield>
    <subfield code="9">44083</subfield>
  </datafield>
  <datafield tag="700" ind1="1" ind2=" ">
    <subfield code="a">Grisalez, Fernando.</subfield>
    <subfield code="9">44084</subfield>
  </datafield>
  <datafield tag="999" ind1=" " ind2=" ">
    <subfield code="c">30949</subfield>
    <subfield code="d">17333</subfield>
  </datafield>
  <datafield tag="952" ind1=" " ind2=" ">
    <subfield code="0">0</subfield>
    <subfield code="1">0</subfield>
    <subfield code="2">ddc</subfield>
    <subfield code="4">0</subfield>
    <subfield code="7">0</subfield>
    <subfield code="8">NFIC</subfield>
    <subfield code="a">CPL</subfield>
    <subfield code="b">CPL</subfield>
    <subfield code="c">GEN</subfield>
    <subfield code="d">2024-04-15</subfield>
    <subfield code="l">0</subfield>
    <subfield code="o">759.986  M98g</subfield>
    <subfield code="p">201812374</subfield>
    <subfield code="r">2025-02-13 08:34:54</subfield>
    <subfield code="t">Ej.1</subfield>
    <subfield code="w">2025-02-13</subfield>
    <subfield code="y">BK</subfield>
  </datafield>
</record>
